000
00301nam a2200133 i 4500
001
bg
245
0
_a
Staticeskaja procnost' i mechanika razrusenija...
260
_a
Moskva,
_c
1986.
040
_c
BPK
041
_a
pol
080
_a
620.1
942
_c
KS
008
s pl f |000 0 pol
999
_c
23423
_d
23423